Seminario: evaluación de la puesta en marcha de la ley sobre transparencia, control y límite al gasto electoral
Uloženo v:
| Korporativní autor: | |
|---|---|
| Médium: | Kniha |
| Jazyk: | španělština |
| Vydáno: |
Santiago
Instituto Interamericano de Derechos Humanos
2005
|
| Vydání: | 1a. ed |
| Témata: | |
| Tagy: |
Přidat tag
Žádné tagy, Buďte první, kdo vytvoří štítek k tomuto záznamu!
|
MARC
| LEADER | 00000nam a2200000 a 4500 | ||
|---|---|---|---|
| 001 | UCJ1894 | ||
| 003 | CL-VaPUC | ||
| 008 | 061117e20050000CL |||||||||||||||||spa|d | ||
| 020 | |a 9568140042 | ||
| 082 | 0 | 4 | |a 324.63 |b INS |2 21 |
| 110 | 2 | |a Instituto Interamericano de Derecho Humanos |e author |9 502675 | |
| 245 | 1 | 0 | |a Seminario: evaluación de la puesta en marcha de la ley sobre transparencia, control y límite al gasto electoral |
| 250 | |a 1a. ed | ||
| 300 | |a 146 p | ||
| 942 | |c BK | ||
| 945 | |d 20061117 00:00:00 |a jtorresc | ||
| 260 | |a Santiago |b Instituto Interamericano de Derechos Humanos |c 2005 | ||
| 650 | 0 | |a Derecho electoral |9 391229 | |
| 650 | 7 | |a SISTEMSAS ELECTORALES& |2 CL-VaPUC |9 502676 | |
| 650 | 0 | |a Leyes |9 256670 | |
| 650 | 7 | |a LEGISLACION |2 CL-VaPUC |9 502677 | |
| 650 | 7 | |a GASTOS |2 CL-VaPUC |9 357995 | |
| 583 | |a last modification |c 20061117 00:00:00 |k Rodrigo Vera | ||
| 999 | |c 318326 |d 318324 | ||
| 952 | |0 0 |1 0 |4 0 |6 324_630000000000000_INS_2005 |7 0 |8 A |9 396078 |a BIBDER |b BIBDER |d 2019-11-22 |i 4296591 |o 324.63 INS 2005 |p 4296591 |r 2023-01-25 |w 2019-11-22 |y BK |k DER | ||
| 952 | |0 0 |1 0 |4 0 |6 324_630000000000000_INS_2005 |7 0 |8 A |9 396079 |a BIBGIM |b BIBGIM |d 2019-11-22 |i 4223438 |o 324.63 INS 2005 |p 4223438 |r 2025-01-15 |w 2019-11-22 |y BK |k GIM | ||